00441nam a2200169Ia 4500008004100000020001800041050001400059100001900073245002900092245006300121260001500184260001600199260000900215300001500224300002200239300001000261180207s9999 xx 000 0 und d a9781869430801 bA221 1991 aAdamson, Linda aLove to learn songbook / ccollected by Linda Adamson ; illustrated by Vasanti Patel. aNew York : bScholastic, c1991 a61 pages : bchiefly colored ; c22cm.